[Event "ESP-ch"]
[Site "Barcelona"]
[Date "2000.08.18"]
[EventDate "?"]
[Round "1"]
[Result "1-0"]
[White "Marc Narciso Dublan"]
[Black "Francisco Delis Ramos"]
[WhiteElo "2507"]
[BlackElo "2086"]
[PlyCount "67"]

1.d4 {Notes by Stockfish 11 (minimum 6s/ply)} Nf6 2.c4 {better
is 2.Nf3 e6 3.Nbd2 d5 4.b3 Bd6 5.e3 O-O 6.Bb2 Nbd7 = +0.30 (42
ply)} e6 {= -0.27 (36 ply)} 3.Nc3 Bb4 4.Qc2 c5 {better is
4...O-O 5.e4 d6 6.a3 Bxc3+ 7.bxc3 e5 8.Bd3 c5 9.d5 = 0.00 (32
ply)} 5.dxc5 {+/= +0.63 (34 ply)} O-O 6.a3 Bxc5 7.Nf3 Nc6
8.Bg5 Nd4 9.Nxd4 Bxd4 10.e3 Qa5 {better is 10...h6 11.exd4
hxg5 12.Qd2 d5 13.h4 g4 14.c5 Bd7 15.h5 = +0.20 (30 ply)}
11.exd4 {+/= +0.82 (33 ply)} Qxg5 12.Qd2 Qxd2+ {better is
12...h6 13.Qxg5 hxg5 14.Be2 b6 15.Nb5 Bb7 16.f3 g4 17.Kf2 =
+0.15 (25 ply)} 13.Kxd2 {+/= +0.81 (26 ply)} b6 {better is
13...d6 14.Bd3 g6 15.b4 Bd7 16.f3 h5 17.Rhc1 b6 18.Ne4 = +0.46
(24 ply)} 14.f3 {+/= +0.97 (23 ply)} Ba6 15.a4 d5 16.cxd5 Bxf1
17.Rhxf1 Nxd5 {? 17...Rad8 18.dxe6 Rxd4+ 19.Kc2 fxe6 20.Rfd1
Rxd1 21.Rxd1 = +0.14 (36 ply)} 18.Nxd5 {+/= +0.90 (37 ply)}
exd5 19.Rfe1 f6 20.Rac1 Rac8 {? 20...Rf7 21.h4 Kf8 22.h5 Re8
23.Rxe8+ Kxe8 24.Rc8+ Kd7 +/= +0.93 (38 ply)} 21.Rxc8 {+/-
+2.32 (38 ply)} Rxc8 22.Re7 Rc4 {? 22...a5 23.b3 b5 24.axb5
Rb8 25.Rc7 Rxb5 26.Kc3 Rb8 +/- +1.93 (37 ply)} 23.Rxa7 {+-
+2.99 (33 ply)} Rxd4+ 24.Kc3 Rc4+ 25.Kb3 Kf8 26.Ra6 Rc8
27.Rxb6 Ke7 28.a5 d4 29.Rb4 Ra8 30.Ra4 Ke6 31.Kc4 Ke5 32.a6
Rc8+ 33.Kd3 Ra8 34.Ra5+ {34...Kd6 35.b4 Kc7 36.Kxd4 Kb6 37.Kd5
Rd8+ 38.Ke6 Ka7 +- +8.92 (31 ply)} 1-0